书目信息 |
| 题名: |
骨科手术学
|
|
| 作者: | 王桂生 主编 | |
| 分册: | ||
| 出版信息: | 北京 人民卫生出版社 1982 |
|
| 页数: | 1244页 | |
| 开本: | 25cm | |
| 丛书名: | ||
| 单 册: | ||
| 中图分类: | R687 | |
| 科图分类: | ||
| 主题词: | 骨科学-矫形外科手术 , 矫形外科手术-骨科学 | |
| 电子资源: | ||
| ISBN: | ||
| 000 | 00667nam0 2200253 45 | |
| 001 | 0182010066 | |
| 005 | 20040921180040.4 | |
| 010 | @b精装@dCNY10.30 | |
| 091 | @a14048.4143 | |
| 100 | @a19950627d1982 em y0chiy0121 ea | |
| 101 | 0 | @achi |
| 102 | @aCN@b110000 | |
| 105 | @ay z 000yy | |
| 106 | @ar | |
| 200 | 10 | @a骨科手术学@Agu ke shou shu xue@f王桂生主编 |
| 210 | @a北京@c人民卫生出版社@d1982 | |
| 215 | @a1244页@d25cm | |
| 606 | @a骨科学-矫形外科手术 | |
| 606 | @a矫形外科手术-骨科学 | |
| 690 | @aR687@v3 | |
| 701 | 0 | @a王桂生@Awang gui sheng@4主编 |
| 801 | 0 | @aCN@b上海图书馆@c20040921 |
| 801 | 2 | @aCN@bNLC@c20040921 |
| 905 | @f1@b176212@dR687@e12 | |
| 骨科手术学/王桂生主编.-北京:人民卫生出版社,1982 |
| 1244页;25cm |
| ISBN (精装):CNY10.30 |
| ● |
| 相关链接 |
|
|
|
|
正题名:骨科手术学
索取号:R687/12
 
预约/预借
| 序号 | 登录号 | 条形码 | 馆藏地/架位号 | 状态 | 备注 |
| 1 | 0176212 | 000557481 | 工具书阅览室/ [索取号:R687/12] | 在馆 |